Fluidsim hydraulics /

Uloženo v:
Podrobná bibliografie
Hlavní autor: Curatolo D.
Další autoři: Hoffmann M.
Médium: Kniha
Jazyk:Vietnamese
Vydáno: Esslingen : Festo Didactic , 1997
Vydání:In lần thứ 1
Témata:
Tagy: Přidat tag
Žádné tagy, Buďte první, kdo otaguje tento záznam!
Thư viện lưu trữ: Thư viện Trường CĐ Kỹ Thuật Cao Thắng
LEADER 00614nam a2200205 a 4500
001 TVCDKTCT2136
003 Thư viện trường Cao đẳng Kỹ thuật Cao Thắng
005 20050815000000
008 050815
980 \ \ |a Thư viện Trường CĐ Kỹ Thuật Cao Thắng 
024 |a RG_1 #1 eb0 i1 
041 0 # |a vie 
082 # # |a 621.2 /   |b C500R-f 
100 1 # |a Curatolo D. 
245 0 0 |a Fluidsim hydraulics /  |c Curatolo D., Hoffmann M. 
250 # # |a In lần thứ 1 
260 # # |a Esslingen :  |b Festo Didactic ,  |c 1997 
300 # # |a 155tr. ;  |c 24cm 
650 # 4 |a Thuỷ lực 
700 0 # |a Hoffmann M.